| 000 | 00515nam a2200193Ia 4500 | ||
|---|---|---|---|
| 001 | 44375 | ||
| 005 | 20240114003627.0 | ||
| 007 | ta | ||
| 008 | 090226s g b000 u u | ||
| 040 | _aCotton College,Assam | ||
| 082 |
_a181.411 _bC 392 V |
||
| 100 | _aGopalatapinnuipanipadya, . | ||
| 245 | 0 |
_aBedantaswasamiksayam / _cGopalatapinnuipanipadrayam. _hTextual Documents |
|
| 300 |
_a344p. ; _c22 cm.. |
||
| 653 | _aT/G-Sanskrit | ||
| 942 |
_2ddc _cBK |
||
| 999 |
_c44341 _d44341 |
||